Plánovanie práce učiteľa = Planning of teachers work : Diplomová práca

Saved in:
Bibliographic Details
Main Author: Poturnayová, Libuše (Author)
Other Authors: Krištofiaková, Lucia, 1982- (xxx)
Format: Manuscript Book
Language:Slovak
Published: Trnava : STU v Bratislave MTF UIPH, 2009
Subjects:
Tags: Add Tag
No Tags, Be the first to tag this record!

MARC

LEADER 00000ntm a22000003a 4500
001 stu181967
005 20160719154400.8
008 090320s2009----xo------------------slo-d
040 |a STU  |b slo 
041 0 |a slo 
044 |a xo 
100 1 |a Poturnayová, Libuše  |4 aut 
245 1 |a Plánovanie práce učiteľa = Planning of teachers work :  |b Diplomová práca 
260 |a Trnava :  |b STU v Bratislave MTF UIPH,  |c 2009 
300 |a 87 s  |c 1 CD-ROM 
500 |a Študijný program: učiteľstvo technických profesijných predmetov 
500 |a Študijný odbor: 1.1.2 učiteľstvo profesijných predmetov a praktickej prípravy 
650 7 |a učebný plán  |2 stusub 
700 1 |a Krištofiaková, Lucia,  |d 1982-  |4 xxx  |u M220  |U MTF Ústav inžinierskej pedagogiky a humatitných vied  |T MTF Katedra inžinierskej pedagogiky a psychológie  |X 10112  |U M220  |Y M220  |7 A000010112 
996 |b 284M070068  |c M*DP-7786  |l MMSKP  |s P  |a 0  |w stu181967_0001